Les méthodes du juge administratif
Gespeichert in:
| 1. Verfasser: | |
|---|---|
| Format: | Buch |
| Sprache: | Französisch |
| Veröffentlicht: |
París
Librairie Générale de Droit et de Jurisprudence
1972
|
| Schriftenreihe: | Bibliothèque de Droit Public, 108
|
| Schlagworte: | |
| Tags: |
Tag hinzufügen
Keine Tags, Fügen Sie den ersten Tag hinzu!
|
MARC
| LEADER | 00000nam a2200000 a 4500 | ||
|---|---|---|---|
| 001 | UCS0506 | ||
| 003 | CL-VaPUC | ||
| 008 | 970426e19720000FR |||||||||||||||||fre|d | ||
| 082 | 0 | 4 | |a 342.066 |b GAU |2 21 |
| 100 | |a Gaudemet, Yves |e author |9 391148 | ||
| 245 | 1 | 4 | |a Les méthodes du juge administratif |
| 300 | |a 321 p | ||
| 942 | |c BK | ||
| 945 | |d 19970426 00:00:00 |a paguirre | ||
| 260 | |a París |b Librairie Générale de Droit et de Jurisprudence |c 1972 | ||
| 650 | 0 | |a Derecho administrativo |9 254851 | |
| 650 | 0 | |a Administración pública |9 255343 | |
| 650 | 0 | |a Estado |9 255503 | |
| 650 | 7 | |a JUICIO SUMARIO |2 CL-VaPUC |9 254868 | |
| 583 | |a last modification |c 19970426 00:00:00 |k Rodrigo Vera | ||
| 490 | 0 | |a Bibliothèque de Droit Public, 108 | |
| 999 | |c 258732 |d 258730 | ||
| 952 | |0 0 |1 0 |4 0 |6 342_066000000000000_GAU_1972 |7 0 |8 A |9 283010 |a BIBDER |b BIBDER |d 2019-11-19 |i 1836277 |o 342.066 GAU 1972 |p 1836277 |r 2023-01-25 |w 2019-11-19 |y BK |k DER | ||